000 00539nam a22001937a 4500
008 131009b xxu||||| |||| 00| 0 ger d
020 _a3527266305
041 0 _ager
080 _a007.52
100 1 _9Snyder, Wesley E.
245 1 0 _aComputergesteuerte Industrieroboter /
_cWesley E. Snyder
250 _a1. Auflage
260 _aWeinheim :
_aNew York :
_bVCH ;
_c1990
300 _a392 f. :
_bme il. ;
_c24 cm.
500 _aVorwort f. : [V] - XI
650 0 _aRobotët
650 0 _aAutomatët
942 _2udc
_cBK
999 _c69
_d69